Death In Shanghai /

Bibliographic Details
Main Author: Ying, Hong
Format: Book
Published: Jinan: Shandong Wei Yin publisher, c2005.
Subjects:
LEADER 00433cam a2200169 7i4500
001 0000024108
005 20151104090000.0
005 ##20151104130100.0
003 ##MY-KlINT
020 # # |a 7532924165  
039 # 9 |y 201511041301  |z VLOAD 
090 0 0 |a E (CF)   |b YIN 
100 1 # |a Ying, Hong 
245 1 0 |a Death In Shanghai /   |c Hong Ying. 
260 # # |a Jinan:   |b Shandong Wei Yin publisher,   |c c2005. 
300 # # |a 300p:   |b ill;   |c 21cm. 
650 # 0 |a Chinese fiction